ARRUPE JESUIT UNIVERSITY

CORONAVIRUS -STOP THE SPREAD - CLEAN,DISINFECT,COVER

Ayer (Record no. 130239)

MARC details
000 -LEADER
fixed length control field 00483nam a22001577a 4500
008 - FIXED-LENGTH DATA ELEMENTS--GENERAL INFORMATION
fixed length control field 200131b ||||| |||| 00| 0 eng d
020 ## - INTERNATIONAL STANDARD BOOK NUMBER
International Standard Book Number 9780415488198
050 ## - LIBRARY OF CONGRESS CALL NUMBER
Classification number B1618.A94
Item number F67
100 ## - MAIN ENTRY--PERSONAL NAME
Personal name Foster, John
9 (RLIN) 49215
245 ## - TITLE STATEMENT
Title Ayer
Remainder of title the arguments of the philosophers
Statement of responsibility, etc John Foster
260 ## - PUBLICATION, DISTRIBUTION, ETC. (IMPRINT)
Place of publication, distribution, etc London
Name of publisher, distributor, etc Routledge
Date of publication, distribution, etc 1985
300 ## - PHYSICAL DESCRIPTION
Extent xiii, 307p. ;
Dimensions 24cm.
440 ## - SERIES STATEMENT/ADDED ENTRY--TITLE
Title The arguments of the philosophers
9 (RLIN) 49216
600 ## - SUBJECT ADDED ENTRY--PERSONAL NAME
Personal name Ayer, Alfred Jules
9 (RLIN) 49217
942 ## - ADDED ENTRY ELEMENTS (KOHA)
Source of classification or shelving scheme Library of Congress Classification
Item type Monograph ( Printed materials)
Holdings
Withdrawn status Lost status Source of classification or shelving scheme Damaged status Not for loan Collection code Home library Current library Shelving location Date acquired Total Checkouts Full call number Barcode Date last seen Price effective from Koha item type
    Library of Congress Classification     Main Collection ARRUPE LIBRARY ARRUPE LIBRARY Main Collection 31/01/2020   B1618.A94 F67 46600006648 31/01/2020 31/01/2020 Monograph ( Printed materials)

 

Arrupe Library. PO Box MP320 Mt Pleasant, Harare, Zimbabwe
263 242 745411|librarian@aju.ac.zw